| 000 | 00685nam a2200217 a 4500 | ||
|---|---|---|---|
| 005 | 20231017063816.0 | ||
| 008 | 020718s1999 mx r 000 0 spa d | ||
| 020 | _a9682959389 | ||
| 035 | _aUPN01000118152 | ||
| 049 | _aLT | ||
| 050 | 4 |
_aLB1631 M6.1 _bV4.3 1999 |
|
| 100 | 1 |
_aVelázquez, Susana _940313 |
|
| 245 | 1 | 0 |
_aAt the top 1 : _binteractive english / _cSusana Velázquez, Cristina Fematt, Susana Fematt. |
| 250 | _a3a ed. | ||
| 260 |
_aMéxico : _bTrillas, _c1999. |
||
| 300 |
_a141 p. : _bil. col. |
||
| 650 | 4 |
_aInglés _xEstudio y enseñanza (Secundaria) _95708 |
|
| 700 | 1 |
_aFematt, Cristina, _ecoaut. _940314 |
|
| 700 | 1 |
_aFematt, Susana, _ecoaut. _940315 |
|
| 905 | _aLibro | ||
| 999 |
_c90532 _d90532 |
||